Report Of The Selected Committee On Environment, Science And Technology On The Environmental Protection Bill, 2024. (Record no. 4341)

MARC details
000 -LEADER
fixed length control field 00579nam a22001697a 4500
003 - CONTROL NUMBER IDENTIFIER
control field OSt
005 - DATE AND TIME OF LATEST TRANSACTION
control field 20240813112731.0
008 - FIXED-LENGTH DATA ELEMENTS--GENERAL INFORMATION
fixed length control field 240813b |||||||| |||| 00| 0 eng d
041 ## - LANGUAGE CODE
Language code of text/sound track or separate title English
082 ## - DEWEY DECIMAL CLASSIFICATION NUMBER
Classification number CR/ERB/24 Acc.no.:9616
110 ## - MAIN ENTRY--CORPORATE NAME
Corporate name or jurisdiction name as entry element Eighth Parliament Of The Republic Of Ghana
245 ## - TITLE STATEMENT
Title Report Of The Selected Committee On Environment, Science And Technology On The Environmental Protection Bill, 2024.
260 ## - PUBLICATION, DISTRIBUTION, ETC.
Place of publication, distribution, etc. Accra
Name of publisher, distributor, etc. Eighth Parliament Of The Republic Of Ghana
Date of publication, distribution, etc. 2024
300 ## - PHYSICAL DESCRIPTION
Extent tab.;
653 ## - INDEX TERM--UNCONTROLLED
Uncontrolled term Environmental Protection Bill, 2024.
942 ## - ADDED ENTRY ELEMENTS (KOHA)
Source of classification or shelving scheme Dewey Decimal Classification
Koha item type Reports
Suppress in OPAC No

No items available.

©2026  Parliament of Ghana Library - All rights reserved